<?xml version="1.0" encoding="UTF-8"?>
<collection xmlns="http://www.loc.gov/MARC21/slim">
  <record>
    <leader>00000nam  2200000   4500</leader>
    <controlfield tag="001">INLIS000000000019040</controlfield>
    <controlfield tag="005">20250130111031</controlfield>
    <datafield tag="035" ind1="#" ind2="#">
      <subfield code="a">0010-0125000184</subfield>
    </datafield>
    <controlfield tag="007">ta</controlfield>
    <controlfield tag="008">250130################g##########0#ind##</controlfield>
    <datafield tag="020" ind1="#" ind2="#">
      <subfield code="a">978-602-06-4653-4</subfield>
    </datafield>
    <datafield tag="100" ind1=" " ind2="#">
      <subfield code="a">Winarno, F.G.</subfield>
    </datafield>
    <datafield tag="245" ind1="1" ind2="#">
      <subfield code="a">Covid 19 /</subfield>
      <subfield code="c">F.G. Winarno</subfield>
    </datafield>
    <datafield tag="260" ind1="#" ind2="#">
      <subfield code="a">Jakarta :</subfield>
      <subfield code="b">Gramedia Pustaka Utama,</subfield>
      <subfield code="c">2020</subfield>
    </datafield>
    <datafield tag="300" ind1="#" ind2="#">
      <subfield code=";"/>
      <subfield code="c">13.0 MB</subfield>
    </datafield>
    <datafield tag="650" ind1="#" ind2="4">
      <subfield code="a">Pandemi</subfield>
    </datafield>
    <datafield tag="520" ind1="#" ind2="#">
      <subfield code="a">Setiap seratus tahun sekali, para pakar mencatat munculnya pandemi. Dunia dilanda pandemi bubonic plague atau “The Great Plague of Marseille” pada 1720. Pada 1820 wabah kolera melanda Asia, termasuk Indonesia. Pada 1920 wabah Flu Spanyol merebak, dan kini muncul pandemi baru, COVID-19. Episentrum atau pusat wabah COVID-19 berasal di tengah kawasan daratan utama Cina, tepatnya di Wuhan, ibu kota Provinsi Hubei. Wabah ini kemudian menyebar ke seluruh dunia hingga WHO menyatakannya sebagai pandemi. Ketakutan dan kepanikan di masyarakat karena minimnya informasi akan lebih membahayakan dibandingkan virus itu sendiri. Mari pahami apa dan bagaimana penyebaran virus SARS-CoV-2 penyebab COVID-19, serta tindakan yang bisa kita lakukan guna menahan laju virus tersebut.</subfield>
    </datafield>
    <datafield tag="856" ind1="#" ind2="#">
      <subfield code="a">https://web-ipustakalan.moco.co.id/book/bd73f9ac-56e7-44ba-8169-7eb73c245312</subfield>
    </datafield>
    <datafield tag="082" ind1="#" ind2="#">
      <subfield code="a">616.92</subfield>
    </datafield>
    <datafield tag="084" ind1="#" ind2="#">
      <subfield code="a">616.92 WIN c</subfield>
    </datafield>
    <datafield tag="990" ind1="#" ind2="#">
      <subfield code="a">2024/4/A/0098</subfield>
    </datafield>
    <datafield tag="990" ind1="#" ind2="#">
      <subfield code="a">2024/4/A/0099</subfield>
    </datafield>
  </record>
</collection>
